សៀវភៅរូបភាពដងខ្លួន / (Record no. 1082)

MARC details
000 -LEADER
fixed length control field 01230nam a22002777a 4500
005 - DATE AND TIME OF LATEST TRANSACTION
control field 20250904082052.0
020 ## - INTERNATIONAL STANDARD BOOK NUMBER
International Standard Book Number 9789995054939
040 ## - CATALOGING SOURCE
Original cataloging agency FISKH
Language of cataloging eng
Transcribing agency FISKH
Modifying agency FISKH
082 ## - DEWEY DECIMAL CLASSIFICATION NUMBER
Classification number 611.9
100 ## - MAIN ENTRY--PERSONAL NAME
Personal name Dary, Heng
245 ## - TITLE STATEMENT
Title សៀវភៅរូបភាពដងខ្លួន /
246 ## - VARYING FORM OF TITLE
Title proper/short title Picture book the body
250 ## - EDITION STATEMENT
Edition statement 11th Published August, 2022.
260 ## - PUBLICATION, DISTRIBUTION, ETC.
Place of publication, distribution, etc. Phnom Penh :
Name of publisher, distributor, etc. Sipar,
Date of publication, distribution, etc. 2022.
300 ## - PHYSICAL DESCRIPTION
Extent 23 unnumbered pages :
Other physical details color illustrations ;
Dimensions 20 x ​21 cm.
505 ## - FORMATTED CONTENTS NOTE
Formatted contents note G <br/>
520 ## - SUMMARY, ETC.
Summary, etc. សៀវភៅនេះរៀបរាប់អំពីអវៈយវៈនៅលើដងខ្លួនរបស់កុមារ ជាមួយនឹងការកំសាន្ត និងការធ្វើសកម្មភាពផ្សេងៗ។​
520 ## - SUMMARY, ETC.
Summary, etc. Body parts of children are described in this book with pictures of children playing and performing various activities.
521 ## - TARGET AUDIENCE NOTE
Target audience note 350 <br/>
Source Lexile estimate
521 ## - TARGET AUDIENCE NOTE
Target audience note G <br/>
Source Raz-Plus <br/>
650 ## - SUBJECT ADDED ENTRY--TOPICAL TERM
Topical term or geographic name entry element រូបភាព
Form subdivision ដងខ្លួន
Source of heading or term សកម្មភាព
650 ## - SUBJECT ADDED ENTRY--TOPICAL TERM
Topical term or geographic name entry element Pictures
Form subdivision Body part
Source of heading or term Various activities
700 ## - ADDED ENTRY--PERSONAL NAME
Personal name Visal, Seng
Titles and other words associated with a name illustrator
942 ## - ADDED ENTRY ELEMENTS (KOHA)
Source of classification or shelving scheme Dewey Decimal Classification
Koha item type Books
Suppress in OPAC No
999 ## -
-- 1082
-- 1082
Holdings
Withdrawn status Lost status Source of classification or shelving scheme Damaged status Not for loan Collection Home library Current library Shelving location Date acquired Total Checkouts Full call number Barcode Date last seen Date last checked out Copy number Price effective from Koha item type
    Dewey Decimal Classification     Khmer-English Bilingual / ភាសាខ្មែរ-អង់គ្លេស Footprints International School Library Network Toul Kork Campus Footprints International School Library Network Toul Kork Campus TK Campus, Room B402, Khmer Book Case 16, Shelves 112-123 / ទូរសៀវភៅខ្មែរលេខ ១៦​ ធ្នើរ ១១២ ដល់ ១២៣ បន្ទប់ B402 សាខាទួលគោក 07/21/2023 1 DAR 611.9 2023-0138 12/04/2024 08/13/2024 1 07/21/2023 Khmer Books
    Dewey Decimal Classification     Khmer-English Bilingual / ភាសាខ្មែរ-អង់គ្លេស Footprints International School Library Network Toul Kork Campus Footprints International School Library Network Toul Kork Campus TK Campus, Room B402, Khmer Book Case 16, Shelves 112-123 / ទូរសៀវភៅខ្មែរលេខ ១៦​ ធ្នើរ ១១២ ដល់ ១២៣ បន្ទប់ B402 សាខាទួលគោក 07/21/2023 1 DAR 611.9 2023-0139 11/13/2025 08/22/2025 2 07/21/2023 Khmer Books
    Dewey Decimal Classification     Khmer-English Bilingual / ភាសាខ្មែរ-អង់គ្លេស Footprints International School Library Network Toul Kork Campus Footprints International School Library Network Toul Kork Campus TK Old Khmer Books (Rear Hallway Shelf 3) 06/27/2024   DAR 611.9 FISTKG1B026 06/27/2024   3 06/27/2024 Khmer Books
    Dewey Decimal Classification     Khmer-English Bilingual / ភាសាខ្មែរ-អង់គ្លេស Footprints International School Library Network Toul Kork Campus Footprints International School Library Network Toul Kork Campus TK Old Khmer Books (Rear Hallway Shelf 3) 06/27/2024 2 DAR 611.9 FISBK03498 09/29/2025 06/30/2025 4 06/27/2024 Khmer Books
    Dewey Decimal Classification     Khmer-English Bilingual / ភាសាខ្មែរ-អង់គ្លេស Footprints International School Library Network Toul Tom Poung Campus Footprints International School Library Network Toul Tom Poung Campus TTP Primary Khmer Bookshelves 06/27/2024   DAR 611.9 FISTKG2B031 04/22/2025   5 06/27/2024 Khmer Books